Bách thần Hà Nội

Đã lưu trong:
Sonraí Bibleagrafaíochta
Príomhúdar: Nguyễn Minh Ngọc
Formáid: Leabhar
Teanga:Undetermined
Foilsithe: Cà Mau Nxb. Mũi Cà Mau 2001
Ábhair:
Clibeanna: Cuir Clib Leis
Gan Chlibeanna, Bí ar an gcéad duine leis an taifead seo a chlibeáil!
Thư viện lưu trữ: Trung tâm Học liệu Trường Đại học Cần Thơ
LEADER 00501nam a2200169Ia 4500
001 CTU_42906
008 210402s9999 xx 000 0 und d
082 |a 305.89597 
082 |b Ng419 
100 |a Nguyễn Minh Ngọc 
245 0 |a Bách thần Hà Nội 
245 0 |c Nguyễn Minh Ngọc 
260 |a Cà Mau 
260 |b Nxb. Mũi Cà Mau 
260 |c 2001 
650 |a gods, vietnamese - Hanoi,vietnam - civilization 
980 |a Trung tâm Học liệu Trường Đại học Cần Thơ